Loading...
वो दुनिया
| Main Author: | |
|---|---|
| Other Authors: | |
| Format: | Printed Book |
| Published: |
Alahabad:
Lokbharati,
2010
|
| Edition: | 1 |
| Subjects: |
| LEADER | 00517nam a22001697a 4500 | ||
|---|---|---|---|
| 020 | |a 9788180314254 | ||
| 082 | |a H891.433 |b YAS/V | ||
| 100 | |a यशपाल | ||
| 245 | |a वो दुनिया | ||
| 250 | |a 1 | ||
| 260 | |a Alahabad: |b Lokbharati, |c 2010 | ||
| 300 | |a 128p. | ||
| 650 | |a Vo duniya | ||
| 700 | |a Yashpal | ||
| 942 | |c BK | ||
| 999 | |c 42653 |d 42653 | ||
| 952 | |0 0 |1 0 |4 0 |6 H_891_433000000000000_YASV |7 0 |8 Stack |9 46513 |a KUCL |b KUCL |c H |d 2016-11-22 |g 175.00 |l 1 |o H891.433 YAS/V |p 36679 |r 2018-12-01 |s 2018-11-07 |w 2016-11-22 |y BK | ||